000 nam a22 a 4500
999 _c52452
_d52452
003 BLK
005 20230510104321.0
008 180408b bul|||||r ||||||| ||bul||
040 _aBLK
041 _aBUL
_cBUL
080 _aБългарска литература
_b821.163.2
_x-1(082)
_z821.163.2-1(082)
080 _aЛитература на отделни езици и езикови семейства
_b821
_x-1(082)
_z821-1(082)
139 _aХудожествено слово
_bХ 93
245 1 0 _aХудожествено слово
_bХристоматия [за студентите от ВИТИЗ Кр. Сарафов] : Ч. 1 -
_cсъстав. Иван Чипев, Божидар Матанов.
_nЧ. 1
_pПоезия
257 _aSB
260 _aСофия
_bНаука и изкуство
_c1975 -
_fПлевен : печ. Ал. Пъшев
300 _c22 см
380 _aX
653 _aстихотворения
653 _aпоеми
653 _aбалади
653 _aбасни
700 1 _aЧипев, Иван Лука
_eсъстав.
_9284478
700 1 _aМатанов, Божидар Ангелов
_eсъстав.
_9284479
760 1 _dСофия, 1975
_h596 с.
_n10 048 тир. - Показалец.
_tЧ. 1 Поезия
852 _aЦб 78385
_bЦб
942 _cKNG
_n0
_04
_s1
944 _aCR
_c03.11.2005
_kЛюдмила_Стоянова
944 _aED
_c2022-10-06
_kСТ
999 _d52452